<?xml version="1.0" encoding="UTF-8"?>
<record
    xmlns:xsi="http://www.w3.org/2001/XMLSchema-instance"
    xsi:schemaLocation="http://www.loc.gov/MARC21/slim http://www.loc.gov/standards/marcxml/schema/MARC21slim.xsd"
    xmlns="http://www.loc.gov/MARC21/slim">

  <leader>01190njm a22002897a 4500</leader>
  <controlfield tag="005">20100918123221.0</controlfield>
  <controlfield tag="006">a|||||r|||||00| 0 </controlfield>
  <controlfield tag="007">sd ammalaaahaa</controlfield>
  <controlfield tag="008">100907t        xxu||||| |||| 00| 0 eng d</controlfield>
  <datafield tag="028" ind1=" " ind2=" ">
    <subfield code="a">2392 370</subfield>
  </datafield>
  <datafield tag="035" ind1=" " ind2=" ">
    <subfield code="a">GR-03891</subfield>
  </datafield>
  <datafield tag="100" ind1=" " ind2=" ">
    <subfield code="a">Prabhakar, Sharon</subfield>
    <subfield code="9">18693</subfield>
  </datafield>
  <datafield tag="245" ind1=" " ind2=" ">
    <subfield code="a">Apman /</subfield>
    <subfield code="c">by Sharon Prabhkar; music Vijay Singh [and] Arum Amin lyrics Dev Kohli [ and] Sharon prabhakar</subfield>
    <subfield code="h">[Sound recording]</subfield>
  </datafield>
  <datafield tag="246" ind1=" " ind2=" ">
    <subfield code="a">&#x905;&#x92A;&#x92E;&#x93E;&#x928; /&#x936;&#x930;&#x94B;&#x902; &#x92A;&#x94D;&#x930;&#x92D;&#x93E;&#x915;&#x930; &#x90F;&#x902;&#x921; &#x935;&#x93F;&#x91C;&#x92F; &#x938;&#x93F;&#x902;&#x939;  &#x926;&#x94D;&#x935;&#x93E;&#x930;&#x93E;</subfield>
  </datafield>
  <datafield tag="260" ind1=" " ind2=" ">
    <subfield code="a">Dum Dum, India</subfield>
    <subfield code="b">His Master's Voice</subfield>
    <subfield code="c">1984</subfield>
  </datafield>
  <datafield tag="300" ind1=" " ind2=" ">
    <subfield code="a">1 sound disc [Gramophone Recording]</subfield>
    <subfield code="b">analog, 33 1/3rpm ;</subfield>
    <subfield code="c">12 in. (LP)</subfield>
    <subfield code="f">Gramaphone Records </subfield>
  </datafield>
  <datafield tag="500" ind1=" " ind2=" ">
    <subfield code="a">Brief record </subfield>
  </datafield>
  <datafield tag="500" ind1=" " ind2=" ">
    <subfield code="a">Record Lables : Socar, Red</subfield>
  </datafield>
  <datafield tag="505" ind1=" " ind2=" ">
    <subfield code="a">Side-&#x967; My  body has surging fire Side--2 Dhadkan pe dil ki nachenge yaron(Suneeti Devi and Vijay Bendict)</subfield>
  </datafield>
  <datafield tag="600" ind1=" " ind2=" ">
    <subfield code="2">Madhurani</subfield>
  </datafield>
  <datafield tag="650" ind1=" " ind2=" ">
    <subfield code="a">Ghazals</subfield>
    <subfield code="x">Excerpts</subfield>
    <subfield code="z">India</subfield>
    <subfield code="9">18694</subfield>
  </datafield>
  <datafield tag="700" ind1=" " ind2=" ">
    <subfield code="a">Vijay Singh</subfield>
    <subfield code="9">20661</subfield>
  </datafield>
  <datafield tag="700" ind1=" " ind2=" ">
    <subfield code="9">20662</subfield>
    <subfield code="a">Kohali, Dev</subfield>
  </datafield>
  <datafield tag="700" ind1=" " ind2=" ">
    <subfield code="9">20746</subfield>
  </datafield>
  <datafield tag="942" ind1=" " ind2=" ">
    <subfield code="2">ddc</subfield>
    <subfield code="c">GR</subfield>
  </datafield>
  <datafield tag="999" ind1=" " ind2=" ">
    <subfield code="c">47111</subfield>
    <subfield code="d">47111</subfield>
  </datafield>
  <datafield tag="952" ind1=" " ind2=" ">
    <subfield code="0">0</subfield>
    <subfield code="1">0</subfield>
    <subfield code="2">ddc</subfield>
    <subfield code="4">0</subfield>
    <subfield code="7">1</subfield>
    <subfield code="8">NFIC</subfield>
    <subfield code="a">L</subfield>
    <subfield code="b">L</subfield>
    <subfield code="d">2010-09-20</subfield>
    <subfield code="e">SED/VEN</subfield>
    <subfield code="l">0</subfield>
    <subfield code="p">GR-03891</subfield>
    <subfield code="r">2010-09-20 00:00:00</subfield>
    <subfield code="t">1</subfield>
    <subfield code="w">2010-09-20</subfield>
    <subfield code="y">GR</subfield>
  </datafield>
</record>
